00362nam a2200109Ia 4500008004100000100002300041245005800064500006800122650003800190942000700228999001700235181011s9999 xx 000 0 und d aBrummana Statement 0aChristian- Muslim Relation Brumanna: Some Reflections aBulletin of the Henry Martyn School of Islamic Studies Jan 1967 aInterfaith Relations and Dialogue cBR c21828d21828